Interpreting medical literature. (Record no. 357)
[ view plain ]
| 000 -LEADER | |
|---|---|
| fixed length control field | 00538nam a22002057a 4500 |
| 003 - CONTROL NUMBER IDENTIFIER | |
| control field | OSt |
| 005 - DATE AND TIME OF LATEST TRANSACTION | |
| control field | 20140818193443.0 |
| 008 - FIXED-LENGTH DATA ELEMENTS--GENERAL INFORMATION | |
| fixed length control field | 140818b xxu||||| |||| 00| 0 eng d |
| 020 ## - INTERNATIONAL STANDARD BOOK NUMBER | |
| International Standard Book Number | 9780071437899 |
| 040 ## - CATALOGING SOURCE | |
| Transcribing agency | DNLM |
| 082 ## - DEWEY DECIMAL CLASSIFICATION NUMBER | |
| Classification number | W20.5 H274i 2006 |
| Item number | G |
| 100 ## - MAIN ENTRY--PERSONAL NAME | |
| Personal name | Gehlbach Stephen H. |
| 9 (RLIN) | 919 |
| 245 ## - TITLE STATEMENT | |
| Title | Interpreting medical literature. |
| 250 ## - EDITION STATEMENT | |
| Edition statement | 5th ed. |
| 260 ## - PUBLICATION, DISTRIBUTION, ETC. (IMPRINT) | |
| Place of publication, distribution, etc. | New York: |
| Name of publisher, distributor, etc. | McGraw-Hill, |
| Date of publication, distribution, etc. | 2006 |
| 300 ## - PHYSICAL DESCRIPTION | |
| Extent | x,293p: |
| Other physical details | Ill: |
| Dimensions | 25cm |
| 504 ## - BIBLIOGRAPHY, ETC. NOTE | |
| Bibliography, etc | Refferences, index included. |
| 650 ## - SUBJECT ADDED ENTRY--TOPICAL TERM | |
| Source of heading or term | Medical literature |
| 942 ## - ADDED ENTRY ELEMENTS (KOHA) | |
| Source of classification or shelving scheme | Other/Generic Classification Scheme |
| Koha item type | Book Bank |
| Withdrawn status | Lost status | Source of classification or shelving scheme | Damaged status | Not for loan | Home library | Current library | Date acquired | Source of acquisition | Inventory number | Total Checkouts | Full call number | Barcode | Date last seen | Koha item type |
|---|---|---|---|---|---|---|---|---|---|---|---|---|---|---|
| Other/Generic Classification Scheme | MUST Main Library | MUST Main Library | 18/08/2014 | 13/36870 | W20.5 H274i 2006 G | 2014-2379 | 18/08/2014 | Book Bank | ||||||
| Other/Generic Classification Scheme | MUST Main Library | MUST Main Library | 18/08/2014 | 13/36869 | W20.5 H274i 2006 G | 2014-2380 | 18/08/2014 | Book Bank | ||||||
| Other/Generic Classification Scheme | MUST Main Library | MUST Main Library | 18/08/2014 | 13/36868 | W20.5 H274i 2006 G | 2014-2381 | 18/08/2014 | Book Bank | ||||||
| Other/Generic Classification Scheme | MUST Main Library | MUST Main Library | 18/08/2014 | 13/36867 | W20.5 H274i 2006 G | 2014-2382 | 18/08/2014 | Book Bank | ||||||
| Other/Generic Classification Scheme | MUST Main Library | MUST Main Library | 18/08/2014 | 13/36866 | W20.5 H274i 2006 G | 2014-2383 | 18/08/2014 | Book Bank | ||||||
| Other/Generic Classification Scheme | MUST Main Library | MUST Main Library | 18/08/2014 | 13/36865 | W20.5 H274i 2006 G | 2014-2384 | 18/08/2014 | Book Bank |
